Les 100 Capitales les plus polluées du monde - Statistiques

Statistiques générales
  • Ce quiz a été pris 49 fois
  • Le résultat moyen est 48 sur 100
Statistiques - réponses
Pays Capitales % Correct
02 Inde New Delhi
95%
03 Irak Bagdad
82%
72 France Paris
77%
05 Bangladesh Dacca
75%
10 Égypte Le Caire
75%
51 Corée du Sud Séoul
73%
74 Allemagne Berlin
70%
15 Qatar Doha
70%
33 Pérou Lima
70%
89 Royaume-Uni Londres
70%
40 Mexique Mexico
70%
92 Japon Tokyo
70%
53 Algérie Alger
68%
67 Turquie Ankara
68%
100 Portugal Lisbonne
68%
90 Espagne Madrid
68%
75 Italie Rome
68%
86 Pays-Bas Amsterdam
66%
47 Grèce Athènes
66%
91 Ukraine Kiev
66%
81 Russie Moscou
66%
88 États-Unis Washington
66%
84 Suisse Berne
64%
82 Belgique Bruxelles
64%
66 Argentine Buenos Aires
64%
32 Chili Santiago
64%
55 Roumanie Bucarest
61%
80 Hongrie Budapest
61%
20 Indonésie Jakarta
61%
93 Panama Panama
61%
21 Iran Téhéran
61%
60 Pologne Varsovie
61%
83 Autriche Vienne
61%
39 Croatie Zagreb
61%
96 Danemark Copenhague
59%
45 Sénégal Dakar
59%
79 Uruguay Montevideo
59%
76 République tchèque Prague
59%
52 Thaïlande Bangkok
57%
61 Colombie Bogota
57%
12 Arabie saoudite Riyad
57%
71 Singapour Singapour
55%
48 Bulgarie Sofia
55%
65 Hong Kong Hong Kong
52%
23 Bosnie-Herzégovine Sarajevo
52%
59 République Démocratique du Congo Kinshasa
50%
63 Albanie Tirana
50%
36 Madagascar Antananarivo
48%
18 Viêt Nam Hanoï
48%
62 Philippines Manille
48%
26 Mongolie Oulan-Bator
48%
25 Éthiopie Addis Abeba
45%
17 Pakistan Islamabad
45%
07 Koweït Koweït City
45%
41 Belgrade Serbie
45%
24 Arménie Erevan
43%
78 Kenya Nairobi
43%
01 Tchad N’Djamena
43%
56 Chypre Nicosie
43%
64 Lituanie Vilnius
43%
27 Ghana Accra
41%
49 Azerbaïdjan Bakou
41%
28 Chine Beijing
41%
70 Slovaquie Bratislava
41%
16 Népal Katmandou
41%
58 Slovénie Ljubljana
41%
31 Macédoine Skopje
41%
46 Israël Tel-Aviv
41%
98 Leichtenstein Vaduz
41%
37 Moldavie Chișinău
39%
87 Taiwan Taipei
39%
57 Géorgie Tbilissi
39%
43 Kazakhstan Astana
36%
54 Malaisie Kuala Lumpur
36%
38 Côte d'Ivoire Abidjan
34%
08 Émirats arabes unis Abu Dhabi
34%
13 Soudan Khartoum
34%
68 Kosovo Pristina
34%
69 République du Salvador San Salvador
34%
30 Laos Vientiane
34%
14 Rwanda Kigali
32%
95 Angola Luanda
32%
04 Bahreïn Manama
32%
77 Monténégro Podgorica
32%
11 Nigeria Abuja
30%
29 Kirghizistan Bichkek
30%
50 Guatemala Guatemala City
27%
97 Cambodge Phnom Penh
27%
99 Costa Rica San José
27%
44 Ski Lanka Colombo
25%
19 Ouganda Kampala
25%
94 Nicaragua Managua
25%
85 Honduras Tegucigalpa
23%
09 Tadjikistan Douchanbé
18%
73 Guyana Georgetown
18%
34 Zambie Lusaka
16%
42 Turkménistan Ashgabat
5%
22 Ouzbékistan Tashkent
5%
35 Birmanie Myanmar
0%
06 Burkina Faso Ougadougou
0%
Aucun quiz correspondant
Distribution des résultats
% des personnes avec chaque résultat
Percentile par nombre de réponses
Votre historique - résultats
Vous n’avez pas pris ce quiz